Relatos de los tiempos merovingios (Record no. 182379)

MARC details
000 -LEADER
campo de control de longitud fija 00858nam a2200217 i 4500
001 - NÚMERO DE CONTROL
campo de control 182379
003 - IDENTIFICADOR DE NÚMERO DE CONTROL
campo de control ES-MaACL
005 - FECHA Y HORA DE LA ÚLTIMA TRANSACCIÓN
campo de control 20250808063200.0
008 - DATOS DE LONGITUD FIJA--INFORMACIÓN GENERAL
campo de control de longitud fija 130807s1922 sp |||| | spa d
100 1# - ENTRADA PRINCIPAL--NOMBRE DE PERSONA
Nombre de persona Thierry, Augustin,
Fechas asociadas al nombre 1795-1856
9 (RLIN) 133216
245 10 - MENCIÓN DEL TÍTULO
Título Relatos de los tiempos merovingios
Resto del título : historia /
Mención de responsabilidad, etc. Agustin Thierry ; la traducción del francés ha sido hecha por Eduardo del Palacio.
260 ## - PUBLICACIÓN, DISTRIBUCIÓN, ETC.
Lugar de publicación, distribución, etc. Madrid :
Nombre del editor, distribuidor, etc. ["Calpe"],
Fecha de publicación, distribución, etc. 1922.
300 ## - DESCRIPCIÓN FÍSICA
Extensión 2 v. ;
Dimensiones 15 cm.
490 1# - MENCIÓN DE SERIE
Mención de serie Colección universal ;
Designación de volumen o secuencia 589-590
650 #4 - PUNTO DE ACCESO ADICIONAL DE MATERIA--TÉRMINO DE MATERIA
Término de materia o nombre geográfico como elemento de entrada Merovingios.
9 (RLIN) 136489
651 #4 - PUNTO DE ACCESO ADICIONAL DE MATERIA--NOMBRE GEOGRÁFICO
Nombre geográfico Francia-
Subdivisión general Historia
9 (RLIN) 8679
700 1# - ENTRADA AGREGADA--NOMBRE PERSONAL
Nombre de persona Palacio, Eduardo L. del,
Fechas asociadas al nombre 1872-1969
9 (RLIN) 88364
830 0# - PUNTO DE ACCESO ADICIONAL DE SERIE-TÍTULO UNIFORME
Título uniforme Colección universal ;
Designación de volumen o secuencia 589-590
9 (RLIN) 181688
852 ## - LOCALIZACIÓN
Ubicación ES-MaACL
Número de control de estantería 2321-F-3-4
Nota libre .- Donat. de los herederos de la bibl. de Mª del Pilar Costa Palacín
Holdings
Estatus retirado Estado de pérdida Estado de daño No para préstamo Colección Biblioteca de origen Biblioteca actual Ubicación en estantería Fecha de adquisición Fuente de adquisición Total de préstamos Signatura topográfica completa Código de barras Visto por última vez Precio de reemplazo Tipo de ítem Koha
        Colección de folletos Biblioteca del Ateneo de Madrid Biblioteca del Ateneo de Madrid Depósito folletos 07/08/2013     2321-F-3-4 1191657 23/02/2023 23/02/2023 Folleto